[Event "Silver Lake Open-A 2018"]
[Site "Veliko Gradiste"]
[Date "2018.06.24"]
[Round "9"]
[White "Desnica, Vladan"]
[Black "Stoyanov, Tsvetan"]
[Result "1-0"]
[WhiteElo "2300"]
[BlackElo "2363"]
[Annotator "NA"]
[PlyCount "111"]
[EventDate "2018.06.17"]
[EventType "swiss"]
[EventCountry "SRB"]
[SourceTitle "playchess.com"]
[Source "ChessBase"]
[SourceQuality "1"]
[TimeControl "40/5400+30:900+30"]

1. d4 {[%emt 0:03:14]} Nf6 {[%emt 0:00:10]} 2. Nf3 {[%emt 0:00:10]} e6 {[%emt 0:01:25]} 3. c4 {[%emt 0:02:39]} Bb4+ {[%emt 0:00:07]} 4. Nc3 {[%emt 0:00:10]} b6 {[%emt 0:00:42]} 5. Bg5 {[%emt 0:00:08]} Bxc3+ {[%emt 0:03:20] E21: Nimzo-Indian: 4 Nf3} 6. bxc3 {[%emt 0:00:11]} Bb7 {[%emt 0:00:13]} 7. Nd2 {[%emt 0:00:11]} d6 {[%emt 0:02:28]} 8. f3 {[%emt 0:01:15]} Nbd7 {[%emt 0:09:58] LiveBook: 12 Games} 9. e4 {[%emt 0:07:00]} e5 {[%emt 0:07:28]} 10. Bd3 {[%emt 0:02:18]} Qe7 {[%emt 0:04:12]} 11. Nf1 {[%emt 0:03:39]} h6 {[%emt 0:10:43]} 12. Bh4 {[%emt 0:00:24]} c6 $146 {[%emt 0:06:02]} ({Predecessor:} 12... g5 13. Bf2 Nh5 14. Ne3 Nf4 15. O-O c5 16. Bc2 Rd8 {0-1 (39) Gelfand,B (2758)-Morozevich,A (2750) Moscow 2009}) 13. Ne3 {[%emt 0:00:50]} g6 {[%emt 0:02:33]} 14. O-O {[%emt 0:00:25]} Qf8 {[%emt 0:07:02]} 15. c5 {[%emt 0:07:13]} dxc5 {[%emt 0:20:26]} 16. dxe5 {[%emt 0:01:27]} g5 {[%emt 0:00:13] [#]} 17. Bg3 $1 {[%emt 0:02:28]} ({Resist} 17. exf6 $6 gxh4 18. e5 O-O-O $18) 17... Nh5 {[%emt 0:01:14]} 18. Nf5 {[%emt 0:06:52]} O-O-O {[%emt 0:05:56]} 19. e6 {[%emt 0:01:29]} fxe6 {[%emt 0:03:04]} 20. Bd6 {[%emt 0:00:11]} exf5 {[%emt 0:00:13]} 21. Bxf8 {[%emt 0:00:06]} Rhxf8 {[%emt 0:00:58]} 22. Qa4 {[%emt 0:05:30]} Nf4 {[%emt 0:04:50]} 23. Ba6 {[%emt 0:00:16]} b5 {[%emt 0:01:34]} 24. Bxb7+ {[%emt 0:01:20]} Kxb7 {[%emt 0:00:01]} 25. Qc2 {[%emt 0:00:20]} Ne5 {[%emt 0:01:04]} 26. exf5 {[%emt 0:00:34]} Nc4 {[%emt 0:00:38]} 27. f6 {[%emt 0:07:06]} Rxf6 {[%emt 0:03:31]} 28. Rad1 $16 {[%emt 0:01:23]} Nd5 {[%emt 0:00:10]} 29. Rfe1 {[%emt 0:00:56]} Kb6 {[%emt 0:00:41]} 30. Qh7 {[%emt 0:02:01]} Rfd6 {[%emt 0:00:49]} 31. Rxd5 {[%emt 0:05:41]} cxd5 {[%emt 0:01:36]} 32. Re7 {[%emt 0:00:07]} Na5 {[%emt 0:01:23]} 33. Rxa7 {[%emt 0:00:18]} Rc8 {[%emt 0:00:38]} 34. Rd7 {[%emt 0:02:21]} Rcc6 {[%emt 0:01:09]} 35. Qe7 {[%emt 0:01:27]} Rxd7 {[%emt 0:00:36]} 36. Qxd7 {[%emt 0:00:07]} Nc4 {[%emt 0:00:35]} 37. Qd8+ {[%emt 0:00:25]} Rc7 {[%emt 0:00:36]} 38. Qxd5 {[%emt 0:00:21]} Ra7 {[%emt 0:00:34]} 39. Qe6+ {[%emt 0:00:39]} Kb7 {[%emt 0:00:20]} 40. Qe7+ {[%emt 0:00:00]} Kb6 {[%emt 0:00:04]} 41. Qf6+ {[%emt 0:00:24]} Ka5 {[%emt 0:01:43]} 42. Qxh6 {[%emt 0:01:09]} b4 {[%emt 0:02:18]} 43. Qxg5 {[%emt 0:04:02]} Kb5 {[%emt 0:00:50]} 44. cxb4 {[%emt 0:00:11]} Kxb4 {[%emt 0:00:01]} 45. h4 {[%emt 0:00:28]} Na3 {[%emt 0:02:13]} 46. Qd2+ {[%emt 0:00:53]} Ka4 {[%emt 0:00:18]} 47. h5 {[%emt 0:00:21]} c4 {[%emt 0:00:10]} 48. h6 {[%emt 0:00:58]} Rc7 {[%emt 0:01:15]} 49. Qd1+ {[%emt 0:02:01]} Ka5 {[%emt 0:00:40]} 50. Qd5+ {[%emt 0:00:07]} Nb5 {[%emt 0:00:25]} 51. Qf5 {[%emt 0:01:25]} c3 {[%emt 0:00:22]} 52. h7 {[%emt 0:00:07]} c2 {[%emt 0:00:02]} 53. Qxc2 {[%emt 0:00:23]} Rxc2 {[%emt 0:00:05]} 54. h8=Q {[%emt 0:00:05]} Kb4 {[%emt 0:00:15]} 55. Qf8+ {[%emt 0:00:34]} Kc4 {[%emt 0:00:17]} 56. Qc8+ {[%emt 0:00:26]} 1-0

[Event "Silver Lake Open-A 2018"]
[Site "Veliko Gradiste"]
[Date "2018.06.24"]
[Round "9"]
[White "Cerovic, Danilo"]
[Black "Savicevic, Vlatko"]
[Result "1-0"]
[WhiteElo "2292"]
[BlackElo "2354"]
[Annotator "NA"]
[PlyCount "45"]
[EventDate "2018.06.17"]
[EventType "swiss"]
[EventCountry "SRB"]
[SourceTitle "playchess.com"]
[Source "ChessBase"]
[SourceQuality "1"]
[TimeControl "40/5400+30:900+30"]

1. e4 {[%emt 0:00:00]} e6 {[%emt 0:02:27]} 2. d4 {[%emt 0:00:00]} d5 {[%emt 0:00:05]} 3. Nc3 {[%emt 0:00:24]} h6 {[%emt 0:00:37]} 4. Bd3 {[%emt 0:00:47]} dxe4 {[%emt 0:01:39]} 5. Nxe4 {[%emt 0:03:07]} Nf6 {[%emt 0:01:17]} 6. Nf3 {[%emt 0:00:26]} Nbd7 {[%emt 0:00:22]} 7. Qe2 $14 {[%emt 0:01:15]} Nxe4 {[%emt 0:04:37]} 8. Bxe4 {[%emt 0:03:27]} Bd6 {[%emt 0:00:09]} 9. Bd2 {[%emt 0:03:10]} Qf6 {[%emt 0:40:29]} 10. O-O-O {[%emt 0:05:02]} Bf4 {[%emt 0:03:52]} 11. Bxf4 {[%emt 0:01:59]} Qxf4+ {[%emt 0:00:05]} 12. Kb1 {[%emt 0:00:03]} Qd6 {[%emt 0:17:10]} 13. h4 {[%emt 0:23:48]} c6 {[%emt 0:11:06]} 14. Ne5 {[%emt 0:02:36]} Nf6 {[%emt 0:04:36]} 15. g4 {[%emt 0:06:09]} Bd7 {[%emt 0:00:13]} 16. g5 {[%emt 0:01:23]} Nxe4 {[%emt 0:00:49]} 17. Qxe4 {[%emt 0:01:09]} Qe7 {[%emt 0:00:06]} 18. Qf4 {[%emt 0:06:21]} hxg5 {[%emt 0:04:22]} 19. hxg5 {[%emt 0:00:58]} O-O-O {[%emt 0:00:08]} 20. Nxf7 {[%emt 0:09:54]} Rxh1 {[%emt 0:01:24]} 21. Rxh1 {[%emt 0:00:39]} Rf8 {[%emt 0:00:25]} 22. Nd6+ {[%emt 0:05:54]} Kc7 {[%emt 0:00:06]} 23. Nb5+ {[%emt 0:01:07]} 1-0

[Event "Silver Lake Open-A 2018"]
[Site "Veliko Gradiste"]
[Date "2018.06.24"]
[Round "9"]
[White "Kulkarni, Chinmay"]
[Black "Lajthajm, Borko"]
[Result "1-0"]
[WhiteElo "2281"]
[BlackElo "2432"]
[Annotator "TA"]
[PlyCount "135"]
[EventDate "2018.06.17"]
[EventType "swiss"]
[EventCountry "SRB"]
[SourceTitle "playchess.com"]
[Source "ChessBase"]
[SourceQuality "1"]

{[%evp 19,135,68,68,54,54,47,54,50,56,43,45,30,39,27,27,27,31,27,38,1,27,20,117,115,113,131,129,131,129,-46,-42,-34,-35,-43,-49,-81,-49,-41,-57,-39,-45,-60,-65,-52,0,0,905,884,820,791,979,959,2575,1662,1375,525,516,484,541,540,679,664,664,657,650,640,966,966,873,903,672,405,393,391,389,376,357,355,869,869,566,467,3091,2891,2891,2697,1858,1918,12359,12232,9496,665,1208,0,8367,9496,5414,4931,8964,7106,7412,5929,8454,8763,5435,5561,29974,29978,29984,29985,29985,29986,29992,29988,29988,29987,29986,29987]} 1. e4 c5 2. Nf3 e6 3. d4 cxd4 4. Nxd4 a6 5. Bd3 Qc7 6. O-O Nf6 7. c4 Nc6 8. Nxc6 bxc6 9. Qe2 {B42: Sicilian: Kan Variation: 5 Bd3} (9. Nc3 Bc5 10. Na4 Bd4 11. c5 e5 12. Qe2 Rb8 13. Be3 Rb4 14. Bxd4 Rxd4 15. Nb6 O-O 16. Nc4 a5 17. Nd6 Rxd6 18. cxd6 Qxd6 {1-0 (61) Bok,B (2611)-Van Vliet,J (2319) Leiden 2016}) 9... e5 10. Nc3 d6 {LiveBook: 3 Games} 11. h3 {White is slightly better.} Be7 12. Be3 O-O 13. Rac1 Be6 14. Nd5 Qb7 $146 ({Predecessor:} 14... cxd5 15. cxd5 Qb7 16. dxe6 fxe6 {1-0 (57) Cuasnicu,O-Rodriguez,A Villa Gesell 1971}) 15. Nxe7+ Qxe7 16. f4 exf4 17. Bxf4 Nd7 18. Rfd1 $36 {[%mdl 2048] White is pushing.} c5 19. e5 Qh4 20. Qe3 dxe5 (20... Nxe5 $11 {remains equal.} 21. Be2 (21. Bxe5 dxe5 22. Qxe5 Rac8 $11) 21... Qe7) 21. Bg5 $1 $16 {[%cal Rg5h4]} ({Don't do} 21. Bxe5 $6 Nxe5 22. Qxe5 Rac8 $11) 21... Qh5 22. g4 Bxg4 23. hxg4 Qxg4+ {[#]} 24. Kf2 $2 (24. Kh1 $1 $16) 24... f6 $15 {[%mdl 1024] Black has compensation.} 25. Bh6 $1 Qh4+ 26. Ke2 Qh2+ 27. Ke1 Rad8 28. Bf5 Nb8 {aiming for ...Nc6.} ({Reject} 28... gxh6 $6 29. Rxd7 Rxd7 30. Bxd7 $14) 29. Be6+ Kh8 {Hoping for ...Nc6.} 30. Bxg7+ Kxg7 31. Qxc5 Rde8 ({Black should play} 31... Kh8 $15 32. Qf2 Qh6) 32. Bf5 $11 Qxb2 $2 {[%mdl 8192] [#]} (32... Qh1+ $11 33. Kd2 Qg2+ 34. Ke1 Qg5) 33. Rc2 $1 $18 {[%cal Rc2b2,Bc1c2,Bc2h2,Bh2h7][%mdl 32]} Qb7 34. Rh2 Rf7 35. Rb1 ({Less strong is} 35. Rxh7+ Kg8 $16) 35... Qe7 36. Rxh7+ Kf8 37. Qxe7+ (37. Rxf7+ $142 Kxf7 38. Qd5+ Kf8 39. Rb7) 37... Rfxe7 {[#]} 38. Rxb8 $1 {[%mdl 512]} Rxb8 {[%mdl 4096] Endgame KRR-KRB} 39. Rh8+ Kg7 40. Rxb8 {KRB-KR} Kh6 41. Rg8 Rc7 42. Rc8 Rg7 43. c5 Kg5 44. Bd3 Kf4 45. Rf8 Ke3 46. Bxa6 Rc7 47. Rxf6 Rxc5 {[%cal Rc5c1]} 48. Kd1 e4 $2 (48... Ra5 49. Bc4 Ra3) 49. a4 Kd4 50. Bb5 Rc3 (50... Rh5 $142 51. Rd6+ Kc5) 51. Rd6+ Ke5 52. Rd8 Kf4 53. Kd2 Rc5 54. Re8 Rc7 55. Re6 Rc5 56. Re8 Rc7 $1 57. Rf8+ Ke5 58. a5 {[%cal Ba4a5,Ba5a6,Ba6a7][%mdl 32]} Kd4 59. Rd8+ Kc5 60. Be2 Ra7 61. a6 Re7 62. Rb8 e3+ 63. Kc3 {White mates.} Rc7 64. Rb7 Rc8 65. a7 Kc6 66. Bf3+ Kd6+ 67. Kd3 e2 68. Rb1 {Precision: White = 66%, Black = 36%.} 1-0

[Event "Silver Lake Open-A 2018"]
[Site "Veliko Gradiste"]
[Date "2018.06.24"]
[Round "9"]
[White "Mitev, Valentin"]
[Black "Marcetic, Nikola"]
[Result "1/2-1/2"]
[WhiteElo "2086"]
[BlackElo "2342"]
[Annotator "NA"]
[PlyCount "116"]
[EventDate "2018.06.17"]
[EventType "swiss"]
[EventCountry "SRB"]
[SourceTitle "playchess.com"]
[Source "ChessBase"]
[SourceQuality "1"]
[TimeControl "40/5400+30:900+30"]

1. d4 {[%emt 0:00:00]} d5 {[%emt 0:00:42]} 2. c4 {[%emt 0:00:00]} e6 {[%emt 0:00:37]} 3. Nc3 {[%emt 0:00:00]} Nf6 {[%emt 0:01:04]} 4. cxd5 {[%emt 0:00:15]} exd5 {[%emt 0:00:34]} 5. Bg5 {[%emt 0:00:12]} Be7 {[%emt 0:00:06]} 6. e3 {[%emt 0:00:10]} c6 {[%emt 0:00:10]} 7. Qc2 {[%emt 0:00:22]} Nbd7 {[%emt 0:00:43]} 8. Bd3 {[%emt 0:00:17]} Nh5 {[%emt 0:04:07]} 9. Bxe7 {[%emt 0:00:18]} Qxe7 {[%emt 0:00:02]} 10. Nge2 {[%emt 0:00:12]} g6 {[%emt 0:01:59]} 11. O-O {[%emt 0:04:10]} O-O {[%emt 0:03:01]} 12. Rae1 {[%emt 0:05:29] D36: Queen's Gambit Declined: Exchange Variation: Main line (5 Bg5 c6 6 Qc2)} (12. Rab1 a5 13. Rbe1 Nb6 14. Nc1 Ng7 15. f3 Bf5 16. e4 dxe4 17. fxe4 Be6 18. Qf2 f5 19. exf5 Nxf5 20. Nb3 Ng7 21. Qe3 Rxf1+ 22. Rxf1 Re8 23. Nc5 Bf5 {½-½ (23) Korobov,A (2711)-Yilmaz,M (2630) Khanty-Mansiysk 2017}) 12... f5 {[%emt 0:04:13]} 13. Nc1 {[%emt 0:03:20]} Qg5 $146 {[%emt 0:06:28]} ({Predecessor:} 13... Ndf6 14. f3 Bd7 15. a3 Qd6 16. Qd2 f4 17. e4 dxe4 18. Bc4+ Be6 19. Nxe4 Nxe4 20. Bxe6+ Qxe6 21. Rxe4 {1-0 (44) Gonzalez Garcia,J (2494)-Doghri,N (2364) Turin 2006}) 14. f3 {[%emt 0:04:21]} Ndf6 {[%emt 0:05:51]} 15. b4 {[%emt 0:06:06]} a6 {[%emt 0:05:45]} 16. Nb3 {[%emt 0:14:25]} f4 {[%emt 0:06:17]} 17. e4 {[%emt 0:00:51]} dxe4 {[%emt 0:13:00]} 18. Nxe4 {[%emt 0:00:05]} Nxe4 {[%emt 0:00:10]} 19. Rxe4 {[%emt 0:03:32]} Bf5 {[%emt 0:16:16]} 20. Re5 {[%emt 0:00:06]} Ng7 {[%emt 0:00:15]} 21. Nc5 {[%emt 0:04:05]} Rad8 {[%emt 0:05:21]} 22. Qc4+ {[%emt 0:06:00]} Kh8 {[%emt 0:00:12]} 23. Bxf5 {[%emt 0:02:50]} Rxf5 {[%emt 0:01:09]} 24. Nxb7 {[%emt 0:03:15]} Rxd4 {[%emt 0:04:16]} 25. Qxd4 {[%emt 0:10:45]} Rxe5 {[%emt 0:00:05]} 26. Nd8 $11 {[%emt 0:09:08]} (26. h4 $5 {[%cal Rh4g5]} Qe7 27. Qxf4 $16) 26... Rd5 {[%emt 0:00:00]} 27. Nf7+ {[%emt 0:00:14]} Kg8 {[%emt 0:02:40]} 28. Qxg7+ {[%emt 0:00:06]} Kxg7 {[%emt 0:00:05]} 29. Nxg5 {[%emt 0:00:02]} Rxg5 {[%emt 0:00:07]} 30. Rc1 {[%emt 0:00:02]} Rb5 {[%emt 0:03:13]} 31. Rc4 {[%emt 0:06:12]} a5 {[%emt 0:00:10]} 32. a3 {[%emt 0:00:33]} axb4 {[%emt 0:00:10]} 33. axb4 {[%emt 0:00:04]} g5 {[%emt 0:00:31]} 34. h4 {[%emt 0:00:20]} gxh4 {[%emt 0:09:53]} 35. Kh2 {[%emt 0:00:57]} h6 {[%emt 0:04:19]} 36. Kh3 {[%emt 0:01:12]} Rg5 {[%emt 0:03:06]} 37. Rxc6 {[%emt 0:06:43]} Rg3+ {[%emt 0:00:05]} 38. Kxh4 {[%emt 0:01:30]} Rxg2 {[%emt 0:00:06]} 39. Rc4 {[%emt 0:00:19]} Kg6 {[%emt 0:01:00]} 40. Rxf4 {[%emt 0:00:00]} Rb2 {[%emt 0:00:20]} 41. Rc4 {[%emt 0:00:50]} Kf5 {[%emt 0:04:10]} 42. Kg3 {[%emt 0:00:54]} Rb3 {[%emt 0:04:14]} 43. Rc5+ {[%emt 0:00:30]} Kf6 {[%emt 0:00:11]} 44. b5 {[%emt 0:00:15]} Rb4 {[%emt 0:01:24]} 45. Rc6+ {[%emt 0:01:00]} Kg5 {[%emt 0:01:48]} 46. f4+ {[%emt 0:01:18]} Kf5 {[%emt 0:03:26]} 47. Rc5+ {[%emt 0:00:07]} Ke6 {[%emt 0:01:33]} 48. Kg4 {[%emt 0:02:17]} Rb1 {[%emt 0:00:11]} 49. Rc6+ {[%emt 0:01:15]} Kd7 {[%emt 0:01:04]} 50. Rb6 {[%emt 0:00:22]} Kc7 {[%emt 0:00:35]} 51. Rxh6 {[%emt 0:00:06]} Rxb5 {[%emt 0:00:07]} 52. Re6 {[%emt 0:00:11]} Kd7 {[%emt 0:00:33]} 53. Re3 {[%emt 0:00:44]} Rb8 {[%emt 0:01:36]} 54. f5 {[%emt 0:00:22]} Rg8+ {[%emt 0:00:23]} 55. Kf4 {[%emt 0:00:04]} Re8 {[%emt 0:00:44]} 56. Ra3 {[%emt 0:01:40]} Ke7 {[%emt 0:00:46]} 57. Ra6 {[%emt 0:00:31]} Kf7 {[%emt 0:00:06]} 58. Rb6 {[%emt 0:01:24]} Re1 {[%emt 0:00:09] Ke4} 1/2-1/2